000 00582nam a22002177a 4500
001 00028888
005 20260425084052.0
008 260425b ag ||||| |||| 00| 0 spa d
020 _a8441303010
040 _aAR-CcCEOS
_bspa
_cAR-CcCEOS
041 _aspa
080 _a709.37
090 _bHAD v.2
100 1 _aHadas, Moses,
_d1900-1966
_91121
245 _aLa Roma Imperial :
_bVolumen II /
_cMoses Hadas
264 _aBarcelona :
_bFolio,
_c1996.
300 _a180 p. ;
_c24x18 cm.
490 _vAtlas culturales del mundo
655 0 _aarte
_9138
942 _2udc
_cBK
_n0
999 _c28930
_d28930